La minería y sus relaciones con la acumulación de capital y la clase dirigente de Costa Rica, 1821 - 1841 /
Guardat en:
| Autor principal: | |
|---|---|
| Format: | Text |
| Idioma: | Spanish |
| Matèries: | |
| Etiquetes: |
Afegir etiqueta
Sense etiquetes, Sigues el primer a etiquetar aquest registre!
|
MARC
| LEADER | 00000 a a2200000 04500 | ||
|---|---|---|---|
| 003 | cru CRAI/IIS | ||
| 005 | 20210427101924.0 | ||
| 008 | 210427b ||||| |||| 00| 0 spa d | ||
| 040 | |c cru CRAI/IIS | ||
| 100 | 1 | |a Araya Pochet, Carlos |9 9952 |e Autor | |
| 245 | 1 | 3 | |a La minería y sus relaciones con la acumulación de capital y la clase dirigente de Costa Rica, 1821 - 1841 / |c Carlos Araya Pochet |
| 300 | |a páginas 31-64 | ||
| 500 | |a Colección Centroamérica | ||
| 650 | 0 | |9 993 |a MINERIA | |
| 650 | 4 | |9 2701 |a CONCENTRACION DEL CAPITAL | |
| 650 | 0 | |9 3392 |a CLASE DIRIGENTE | |
| 650 | 0 | |9 136 |a HISTORIA | |
| 650 | 0 | |9 1037 |a INMIGRACION | |
| 650 | 0 | |9 2683 |a INVERSIONES EXTRANJERAS | |
| 650 | 4 | |9 1918 |a PODER POLITICO | |
| 651 | 0 | |9 32 |a COSTA RICA | |
| 773 | 0 | |0 18875 |9 5525 |a Universidad de Costa Rica. |d San José, Costa Rica: Universidad de Costa Rica. Consejo Superior Universitario Centroamericano, 1972- |o 13778 |t Estudios Sociales Centroamericanos / |x 03039676 | |
| 942 | |2 ddc |c PP | ||
| 999 | |c 43659 |d 43659 | ||
